Immigration to Canada by Country - Statistics

General Stats
  • This quiz has been taken 72 times
  • The average score is 15 of 20
Answer Stats
Population (2024) Country % Correct
1,715,000 China
95%
1,858,000 India
95%
1,000,000 United States
95%
603,000 United Kingdom
93%
155,000 Mexico
90%
157,000 Germany
86%
303,000 Pakistan
86%
204,000 Italy
84%
133,000 Brazil
78%
957,000 Philippines
76%
121,000 Japan
74%
238,000 South Korea
74%
211,000 Iran
72%
120,000 Bangladesh
69%
123,000 Poland
69%
276,000 Vietnam
67%
262,000 Greece
50%
309,000 Jamaica
45%
136,000 Sri Lanka
41%
250,000 Lebanon
36%
No matching quizzes found
Score Distribution
Percent of People with Each Score
Percentile by Number Answered
Your Score History
You have not taken this quiz